000 01332naa a22003497a 4500
001 BR6009764
003 BR-BrBNA
005 20240918173108.0
007 ta
008 230509b bl.||||| |||| 00| 0 por d
040 _aBR-BrBNA
_bpor
_cBiblioteca Nacional de Agricultura
041 _a(Pt)
072 _aF25
_b3140
_b3830
_b3820
_b3810
_b3840
_bGZ74
_bG514
090 _aF25 BR6009764
100 1 _aSimoes, J.W.
100 1 _aMello, H. do A.
100 1 _aBarbin, D.
111 1 _a2. Reuniao Brasileira de Cerrados
_cSete Lagoas, MG (Brazil)
_d1 Jun 1967
245 1 _aEfeitos da aplicacao de fertilizantes minerais na formacao de mudas de P. elliottii Engelman em substrato de solo de cerrado [Pinheiro; Latossolo vermelho amarelo; NPK; Calagem; Brasil]
260 3 _aSete Lagoas, MG (Brasil):
_c1972.
500 _aAnais da 2. Reuniao Brasileira de Cerrados Sete Lagoas, MG (Brasil): 1972. p. 127-135 (BR6009764-AM)F25
650 _aFertilizante
650 _aPinheiro
650 _aFertilizante nitrogenado
650 _aFertilizante fosfatado
650 _aFertilizante potassico
650 _aCalagem
650 _aCerrado
773 0 _tAnais da 2. Reuniao Brasileira de Cerrados
_wF25 BR6009764
_gSete Lagoas, MG (Brasil), 1972. p. 127-135
909 _a202404
_bLucia
_c55
_dLucia Elande
942 _cAM
_2AGRIS
999 _c302846
_d302846